000 00598nam a2200205Ia 4500
005 20250508160319.0
008 008 250505s9999 xx 000 0 eng d
037 _aTextual
040 _aFEDL
_beng
_cFEDL
041 _aeng
_2eng
084 _a050, IND
_qFEDL
100 _aJain Vijay Kumar
245 0 _aGuide to Indian periodical Literature: Social science and humanities
260 _aGurgaon, India
_bPrabhu Book Service India
_c1964
300 _axv,437p.
365 _aINR
_b80
650 _aSerial-Index
_9758417
942 _cTEXL
_h050, IND
999 _c1363581
_d1363581